| 000 | 00748nam a2200193 a 4500 | ||
|---|---|---|---|
| 008 | 100324s2002 ||||||||||||||||| || u | ||
| 020 | _a0273646923 | ||
| 050 | _aHF 5635 Ell | ||
| 100 | _aElliot, Barry | ||
| 245 | 1 | 0 |
_aFinancial accounting, reporting and analysis. International edition _cBarry Elliott and Jamie Elliott |
| 250 | _aInternational ed. | ||
| 260 |
_aHarlow, Essex _bFT Prentice Hall _c2002 |
||
| 300 | _axxi, 696p.: ill. | ||
| 350 | _a0.00 | ||
| 650 | 0 | _aACCOUNTING--HANDBOOKS, MANUALS, ETC | |
| 650 | 0 | _aFINANCIAL STATEMENTS | |
| 700 | _aElliott, Jamie | ||
| 995 |
_D0.00 _FCBU-MAIN LIBRARY (Kitwe) _H1 _I0.00 _M1 _UAVAILABLE _WApr 16, 2010 _ZMain Library Open Access Collection |
||
| 999 |
_c43332 _d43332 |
||